000 00306nam a2200121Ia 4500
008 190216s9999||||xx |||||||||||||| ||und||
100 _aRoopesh Paul
245 0 _aHindi-Munda Aathivasiyom Ki Prabasha Ur Unki Samskrithi
260 _bJayabharath Printers
300 _a74
650 _aHindi
942 _cBK
999 _c16314
_d16314